00929nam a2200205 a 450000100090000000800410000901000150005005000180006511000350008324500780011825000160019626000370021226000450024930000140029452001830030865000180049199500780050999900170058795201190060417134565161006s9999 ||||||||||||||||| || u a2012207331 aGV 1469.3 Gui aGuinness World Records Limited10aGuinness world records 2006 [edition]cedited by Craig Glenday and others aGamer's ed. aLondonbGuinness World Recordsc aLondonbGuinness World Records Limitedc a288, ill. aLists records, superlatives, and unusual facts about computer and video games, and includes interviews with champion gamers, tips on play, and profiles of the best-selling games. 0aWORLD RECORDS FCBU-MAIN LIBRARY (Kitwe)M1UAVAILABLEWOct 6, 2016ZReference Collection c45194d45194 00102lcc4070a001b001cReference Collectiond2022-11-30l0oGV 1469.3 Guip746852r2022-11-30w2022-11-30y002